000 00514nam a2200181Ia 4500
003 OSt
005 20200728130948.0
008 190216s9999||||xx |||||||||||||| ||und||
020 _a9788182090521
040 _coclc
082 _a515.4
_bNAR/C
100 _aNarayanan, S
_93828
245 0 _aCalculus /
_cS Narayanan ; T K Manicavachagom Pillay
260 _bS Vishwanathan,
_c2000.
_aChennai:
300 _a429p
650 _aMathematics
942 _cBK
_2ddc
_h515.4
_iNAR/C
_k515.4
_mNAR/C
999 _c31930
_d31930